00610 2200181 4500245008400000020002200084250001100106100001600117650002100133650002600154005001900180260007600199041001400275084001000289300003000299500009000329336000900419 aDuria Gunirupa ante Tambobo b : Durian Gunirupa dan TambobocSudarwin ShText a978-623-112-253-7 aCet. 1 aSudarwin S. aCerita Bergambar aCerita Anak Dwibahasa a20241002091747 aJakartabKementerian Pendidikan, Kebudayaan, Riset, dan Teknologic2023 aIndonesia a741.5 av, 19 hlm. 29,7 cm :cPDF aCerita Anak Dwibahasa Sulawesi Tengah : Dalam Bahasa Kaili (Rai) dan Bahasa Indonesia atext